Food process engineering operations

Saved in:
Bibliografiske detaljer
Hovedforfatter: Saravacos, George D (Author)
Andre forfattere: Maroulis, Zacharias B. (autor)
Format: Bog
Sprog:engelsk
Udgivet: Boca Ratón CRC Press 2011
Serier:Contemporary Food Engineering Series
Fag:
Tags: Tilføj Tag
Ingen Tags, Vær først til at tagge denne postø!

MARC

LEADER 00000cam a2200000 a 4500
001 UCG8738
003 CL-VaPUC
008 111229e20110000US |||||||||||||||||eng|d
020 |a 9781420083538 
082 0 4 |a 664.02  |b SAR  |2 21 
100 0 |a Saravacos, George D  |e author  |9 559883 
700 |a Maroulis, Zacharias B.  |e autor  |9 559884 
245 1 0 |a Food process engineering operations 
300 |a 566 p 
942 |c BK 
945 |d 20111229 00:00:00  |a cmena 
260 |a Boca Ratón  |b CRC Press  |c 2011 
650 7 |a TECNOLOGIA DE ALIMENTOS  |2 CL-VaPUC  |9 559885 
650 0 |a Control de calidad   |9 259714 
650 0 |a Industria alimentaria  |9 331702 
650 7 |a OPERACIONES UNITARIAS  |2 CL-VaPUC  |9 405439 
583 |a last modification  |c 20111229 10:48:00  |k Rodrigo Vera 
490 0 |a Contemporary Food Engineering Series 
999 |c 346336  |d 346334 
952 |0 0  |1 0  |2 ddc  |4 0  |6 664_020000000000000_SAR_2011  |7 0  |8 A  |9 446998  |a BIBALI  |b BIBALI  |d 2019-11-22  |i 4830148  |l 1  |o 664.02 SAR 2011  |p 4830148  |r 2025-01-20  |s 2021-12-16  |w 2019-11-22  |y BK  |k ALI 
952 |0 0  |1 0  |3 erd  |4 0  |6 664_020000000000000_SAR_2011  |7 0  |8 A  |9 446999  |a BIBALI  |b BIBALI  |c GEN  |i 5136784  |o 664.02 SAR 2011  |p 5136784  |r 2025-01-20  |w 2019-11-22  |y BK  |z Catalogado en:20150305  |k ALI